000
00263nam a22001217a 4500
041
_a
ENG
100
_a
Kruts.Et
245
_a
Design Of Agricultural Machinery
260
_a
New York
_b
John Wiley
_c
1996
300
_a
472
650
_a
FMP
856
_u
FMP ( 04 )
999
_c
1480
_d
1480